01103nam a2200181 a 4500008004100000050001600041100002100057245004300078260003200121300002300153350000900176995015500185995014100340995014100481995014100622995014100763999001700904080109s1965 ||||||||||||||||| || u aQA 10.3 Gil aGillie, Angelo C10aBinary arithmentic and boolean algebra aNew YorkbMcGraw-Hillc1965 aviii, 248p. : ill. a0.00 aBINDERY (DAMAGED)D0.00e715991FCBU-MAIN LIBRARY (Kitwe)H4I1.65jQA 10.3 GilM4UDAMAGEDWMay 18, 2006y011061ZMain Library Open Access Collection aBINDERY (DAMAGED)D0.00e715988FCBU-MAIN LIBRARY (Kitwe)H5I1.65jQA 10.3 GilM5UDAMAGEDy011062ZMain Library Open Access Collection aBINDERY (DAMAGED)D0.00e710320FCBU-MAIN LIBRARY (Kitwe)H2I1.65jQA 10.3 GilM2UDAMAGEDy011060ZMain Library Open Access Collection aBINDERY (DAMAGED)D0.00e715987FCBU-MAIN LIBRARY (Kitwe)H3I1.65jQA 10.3 GilM3UDAMAGEDy011066ZMain Library Open Access Collection aBINDERY (DAMAGED)D0.00e715990FCBU-MAIN LIBRARY (Kitwe)H1I1.65jQA 10.3 GilM1UDAMAGEDy715990ZMain Library Open Access Collection c84633d84633